<?xml version="1.0" encoding="UTF-8"?><?xml-stylesheet type="text/xsl" href="static/style.xsl"?><OAI-PMH xmlns="http://www.openarchives.org/OAI/2.0/" xmlns:xsi="http://www.w3.org/2001/XMLSchema-instance" xsi:schemaLocation="http://www.openarchives.org/OAI/2.0/ http://www.openarchives.org/OAI/2.0/OAI-PMH.xsd"><responseDate>2026-04-26T20:26:37Z</responseDate><request verb="GetRecord" identifier="oai:uvadoc.uva.es:10324/30846" metadataPrefix="marc">https://uvadoc.uva.es/oai/request</request><GetRecord><record><header><identifier>oai:uvadoc.uva.es:10324/30846</identifier><datestamp>2021-09-21T08:01:49Z</datestamp><setSpec>com_10324_2555</setSpec><setSpec>col_10324_2559</setSpec></header><metadata><record xmlns="http://www.loc.gov/MARC21/slim" xmlns:doc="http://www.lyncode.com/xoai" xmlns:xsi="http://www.w3.org/2001/XMLSchema-instance" xmlns:dcterms="http://purl.org/dc/terms/" xsi:schemaLocation="http://www.loc.gov/MARC21/slim http://www.loc.gov/standards/marcxml/schema/MARC21slim.xsd">
<leader>00925njm 22002777a 4500</leader>
<datafield tag="042" ind1=" " ind2=" ">
<subfield code="a">dc</subfield>
</datafield>
<datafield tag="720" ind1=" " ind2=" ">
<subfield code="a">Crespo González Carvajal, Yania</subfield>
<subfield code="e">author</subfield>
</datafield>
<datafield tag="260" ind1=" " ind2=" ">
<subfield code="c">2017</subfield>
</datafield>
<datafield tag="520" ind1=" " ind2=" ">
<subfield code="a">En este vídeo aprendemos a bifurcar un proyecto en gitlab. El proyecto bifurcado es un proyecto Eclipse simple que queremos transformar y convertir en un proyecto Maven gestionado en Eclipse. Se realiza la conversión, se actualizan las configuraciones. Se hace cumplir al proyecto con un arquetipo Maven deseado. Finalmente se utiliza el control de versiones local basado en git para registrar los cambios y se actualiza el repositorio remoto residente en gitlab.</subfield>
</datafield>
<datafield tag="024" ind2=" " ind1="8">
<subfield code="a">http://uvadoc.uva.es/handle/10324/30846</subfield>
</datafield>
<datafield tag="245" ind1="0" ind2="0">
<subfield code="a">Bifurcando un proyecto Eclipse y convirtiendolo en un proyecto Maven</subfield>
</datafield>
</record></metadata></record></GetRecord></OAI-PMH>